[Event "2017 Australian Open Championship"]
[Site "Brisbane AUS"]
[Date "2017.01.03" ]
[Round "2.1"]
[White "Adly, Ahmed"]
[Black "Hu, Jason"]
[Result "1-0"]
[BlackElo "2181"]
[WhiteElo "2597"]
[LiveChessVersion "1.4.8"]

1. d4 {[%clk 1:30:56]} d5 {[%clk 1:30:43]} 2. c4 {[%clk 1:31:21]} c6
{[%clk 1:31:07]} 3. Nf3 {[%clk 1:31:42]} Nf6 {[%clk 1:31:28]} 4. e3
{[%clk 1:31:35]} Bf5 {[%clk 1:30:29]} 5. Be2 {[%clk 1:31:25]} e6 {[%clk 1:30:13]}
6. Nc3 {[%clk 1:31:49]} h6 {[%clk 1:33:28]} 7. O-O {[%clk 1:33:05]} Nbd7
{[%clk 1:33:10]} 8. c5 {[%clk 1:31:52]} Be7 {[%clk 1:28:07]} 9. b4
{[%clk 1:31:36]} a6 {[%clk 1:27:53]} 10. Bd2 {[%clk 1:28:30]} O-O
{[%clk 1:27:47]} 11. a4 {[%clk 1:27:38]} Ne4 {[%clk 1:25:01]} 12. Be1
{[%clk 1:26:45]} Bf6 {[%clk 1:22:53]} 13. Nxe4 {[%clk 1:26:29]} Bxe4
{[%clk 1:22:15]} 14. Nd2 {[%clk 1:26:53]} Bh7 {[%clk 1:18:12]} 15. f4
{[%clk 1:27:08]} b6 {[%clk 0:59:01]} 16. cxb6 {[%clk 1:26:54]} Qxb6
{[%clk 0:58:59]} 17. Nb3 {[%clk 1:27:08]} Be7 {[%clk 0:52:00]} 18. Nc5
{[%clk 1:26:56]} Nxc5 {[%clk 0:52:04]} 19. bxc5 {[%clk 1:26:49]} Qb2
{[%clk 0:50:47]} 20. Rf2 {[%clk 1:26:32]} Qb7 {[%clk 0:47:41]} 21. Bc3
{[%clk 1:25:39]} Rfb8 {[%clk 0:47:12]} 22. Bf1 {[%clk 1:25:14]} Qa7
{[%clk 0:39:54]} 23. a5 {[%clk 1:22:28]} Be4 {[%clk 0:37:15]} 24. Qa4
{[%clk 1:22:41]} Qc7 {[%clk 0:37:29]} 25. Raa2 {[%clk 1:20:36]} g5
{[%clk 0:33:25]} 26. Rab2 {[%clk 1:18:22]} Rxb2 {[%clk 0:33:07]} 27. Rxb2
{[%clk 1:09:02]} gxf4 {[%clk 0:32:38]} 28. Rb6 {[%clk 1:09:30]} fxe3
{[%clk 0:26:41]} 29. Qxc6 {[%clk 1:09:48]} Qxc6 {[%clk 0:16:50]} 30. Rxc6
{[%clk 1:09:26]} Bd8 {[%clk 0:16:41]} 31. Rxa6 {[%clk 1:08:47]} Rb8
{[%clk 0:14:11]} 32. Rb6 {[%clk 1:09:04]} Bxb6 {[%clk 0:13:10]} 33. cxb6
{[%clk 1:09:13]} Kg7 {[%clk 0:11:47]} 34. Bb4 {[%clk 1:08:45]} Bc2
{[%clk 0:07:31]} 35. Bd6 {[%clk 1:08:45]} 1-0

[Event "2017 Australian Open Championship"]
[Site "Brisbane AUS"]
[Date "2017.01.03" ]
[Round "2.2"]
[White "Sheldrick, Kevin"]
[Black "Demuth, Adrien"]
[Result "0-1"]
[BlackElo "2521"]
[WhiteElo "2151"]
[LiveChessVersion "1.4.8"]

1. d4 {[%clk 1:30:31]} Nf6 {[%clk 1:30:40]} 2. Nc3 {[%clk 1:30:41]} d5
{[%clk 1:30:47]} 3. e4 {[%clk 1:30:42]} dxe4 {[%clk 1:30:27]} 4. f3
{[%clk 1:30:57]} c6 {[%clk 1:29:55]} 5. Bc4 {[%clk 1:30:07]} Nbd7
{[%clk 1:19:19]} 6. fxe4 {[%clk 1:21:04]} e5 {[%clk 1:16:12]} 7. dxe5
{[%clk 1:14:46]} Nxe5 {[%clk 1:16:19]} 8. Qxd8+ {[%clk 1:14:44]} Kxd8
{[%clk 1:16:47]} 9. Bd3 {[%clk 1:13:51]} Bd6 {[%clk 1:10:51]} 10. Bg5
{[%clk 0:49:29]} Ke7 {[%clk 1:10:43]} 11. Nf3 {[%clk 0:43:29]} h6
{[%clk 1:06:24]} 12. Bh4 {[%clk 0:43:20]} g5 {[%clk 1:03:32]} 13. Bf2
{[%clk 0:43:00]} Nfg4 {[%clk 0:56:58]} 14. Bd4 {[%clk 0:24:03]} Rd8
{[%clk 0:54:29]} 15. Ke2 {[%clk 0:17:01]} Ng6 {[%clk 0:45:58]} 16. g3
{[%clk 0:10:09]} N4e5 {[%clk 0:45:59]} 17. Nxe5 {[%clk 0:09:14]} Nxe5
{[%clk 0:46:07]} 18. b3 {[%clk 0:08:15]} Nxd3 {[%clk 0:46:07]} 19. cxd3
{[%clk 0:08:15]} Bb4 {[%clk 0:41:58]} 20. Ke3 {[%clk 0:07:28]} Rxd4
{[%clk 0:38:53]} 21. Kxd4 {[%clk 0:07:35]} c5+ {[%clk 0:38:59]} 22. Kc4
{[%clk 0:07:40]} b5+ {[%clk 0:39:18]} 23. Kxb5 {[%clk 0:07:18]} Rb8+
{[%clk 0:35:23]} 24. Kc6 {[%clk 0:05:51]} Bxc3 {[%clk 0:35:32]} 25. Kxc5
{[%clk 0:05:23]} Ba6 {[%clk 0:35:30]} 26. Kd4 0-1

[Event "2017 Australian Open Championship"]
[Site "Brisbane AUS"]
[Date "2017.01.03" ]
[Round "2.3"]
[White "Smirnov, Anton"]
[Black "Kasparova, Tatiana"]
[Result "0-1"]
[BlackElo "2146"]
[WhiteElo "2519"]
[LiveChessVersion "1.4.8"]

1. d4 {[%clk 1:30:50]} Nf6 {[%clk 1:30:54]} 2. c4 {[%clk 1:31:16]} c5
{[%clk 1:31:16]} 3. d5 {[%clk 1:31:41]} b5 {[%clk 1:31:39]} 4. cxb5
{[%clk 1:32:06]} a6 {[%clk 1:32:00]} 5. bxa6 {[%clk 1:32:31]} g6 {[%clk 1:32:08]}
6. Nc3 {[%clk 1:32:54]} Bxa6 {[%clk 1:32:19]} 7. e4 {[%clk 1:33:13]} Bxf1
{[%clk 1:32:38]} 8. Kxf1 {[%clk 1:33:37]} d6 {[%clk 1:32:46]} 9. g3
{[%clk 1:34:00]} Bg7 {[%clk 1:32:55]} 10. Nf3 {[%clk 1:34:22]} O-O
{[%clk 1:32:21]} 11. Kg2 {[%clk 1:34:38]} Nbd7 {[%clk 1:31:04]} 12. a4
{[%clk 1:34:53]} Qb8 {[%clk 1:20:16]} 13. Qe2 {[%clk 1:31:20]} Qb7
{[%clk 1:18:13]} 14. Ra3 {[%clk 1:27:21]} Ne8 {[%clk 1:15:43]} 15. Bg5
{[%clk 1:18:45]} Ne5 {[%clk 1:05:52]} 16. Nxe5 {[%clk 1:14:56]} Bxe5
{[%clk 1:06:09]} 17. Rc1 {[%clk 1:12:37]} Bg7 {[%clk 1:04:32]} 18. Qb5
{[%clk 1:04:47]} Qa7 {[%clk 0:59:42]} 19. Qc4 {[%clk 1:03:14]} h6
{[%clk 0:49:48]} 20. Be3 {[%clk 1:02:08]} Qb8 {[%clk 0:46:44]} 21. b3
{[%clk 0:53:38]} Nc7 {[%clk 0:42:28]} 22. Ra2 {[%clk 0:51:34]} Qb7
{[%clk 0:42:18]} 23. Rb1 {[%clk 0:48:24]} Rfb8 {[%clk 0:38:19]} 24. Rc2
{[%clk 0:46:02]} Qb4 {[%clk 0:33:15]} 25. Na2 {[%clk 0:46:13]} Qxc4
{[%clk 0:30:09]} 26. Rxc4 {[%clk 0:45:04]} Nb5 {[%clk 0:29:51]} 27. axb5
{[%clk 0:35:59]} Rxa2 {[%clk 0:28:33]} 28. Ra4 {[%clk 0:36:23]} Rc2
{[%clk 0:27:23]} 29. Ra5 {[%clk 0:36:29]} Bc3 {[%clk 0:22:02]} 30. Ra7
{[%clk 0:36:53]} Bf6 {[%clk 0:20:22]} 31. Bxh6 {[%clk 0:32:05]} Rxb5
{[%clk 0:13:26]} 32. Be3 {[%clk 0:26:25]} c4 {[%clk 0:11:41]} 33. b4
{[%clk 0:26:40]} c3 {[%clk 0:11:23]} 34. g4 {[%clk 0:25:44]} Rb2 {[%clk 0:10:37]}
35. Rc1 {[%clk 0:26:05]} R5xb4 {[%clk 0:09:39]} 36. g5 {[%clk 0:26:04]} Bd4
{[%clk 0:06:40]} 37. Kf3 {[%clk 0:22:48]} Bxa7 {[%clk 0:06:32]} 38. Bxa7
{[%clk 0:23:05]} Ra2 {[%clk 0:05:00]} 39. Be3 {[%clk 0:23:24]} c2
{[%clk 0:05:20]} 40. Bd2 {[%clk 0:52:11]} Rc4 {[%clk 0:34:52]} 41. h4
{[%clk 0:50:09]} e6 {[%clk 0:33:33]} 42. dxe6 {[%clk 0:49:22]} fxe6
{[%clk 0:33:37]} 43. Bf4 {[%clk 0:48:48]} d5 {[%clk 0:30:05]} 44. exd5
{[%clk 0:47:50]} exd5 {[%clk 0:30:14]} 45. h5 {[%clk 0:45:59]} gxh5
{[%clk 0:30:06]} 46. Bd2 {[%clk 0:45:45]} Kf7 {[%clk 0:29:43]} 47. Ke2
{[%clk 0:44:28]} Rb2 {[%clk 0:26:37]} 48. f4 {[%clk 0:43:53]} Kg6
{[%clk 0:26:58]} 49. f5+ {[%clk 0:42:11]} Kxf5 {[%clk 0:27:10]} 50. Rf1+
{[%clk 0:42:36]} Kg6 {[%clk 0:27:03]} 51. Rf6+ {[%clk 0:43:02]} Kg7
{[%clk 0:27:18]} 52. Bc1 {[%clk 0:43:27]} Rb1 {[%clk 0:23:28]} 53. Kd2
{[%clk 0:43:53]} h4 {[%clk 0:21:41]} 54. Rh6 {[%clk 0:42:44]} Rb3
{[%clk 0:21:40]} 55. Ke2 {[%clk 0:42:40]} d4 {[%clk 0:19:52]} 56. Rd6
{[%clk 0:41:51]} d3+ {[%clk 0:14:44]} 57. Kf2 {[%clk 0:42:16]} Rb1
{[%clk 0:12:31]} 58. Rd7+ {[%clk 0:42:37]} Kg6 {[%clk 0:12:57]} 59. Rd6+
{[%clk 0:43:01]} Kf5 {[%clk 0:11:47]} 60. Rf6+ {[%clk 0:42:10]} Ke5
{[%clk 0:12:02]} 0-1

[Event "2017 Australian Open Championship"]
[Site "Brisbane AUS"]
[Date "2017.01.03" ]
[Round "2.4"]
[White "Halpin, Patrick"]
[Black "Ly, Moulthun"]
[Result "0-1"]
[BlackElo "2508"]
[WhiteElo "2108"]
[LiveChessVersion "1.4.8"]

1. e4 {[%clk 1:30:58]} c5 {[%clk 1:29:35]} 2. Nc3 {[%clk 1:31:19]} a6
{[%clk 1:29:49]} 3. a4 {[%clk 1:31:22]} Nc6 {[%clk 1:30:11]} 4. Bc4
{[%clk 1:31:39]} e6 {[%clk 1:30:19]} 5. Nge2 {[%clk 1:31:26]} Nf6
{[%clk 1:30:32]} 6. Ng3 {[%clk 1:31:07]} h5 {[%clk 1:29:10]} 7. h4
{[%clk 1:30:33]} d5 {[%clk 1:28:37]} 8. Ba2 {[%clk 1:30:27]} d4 {[%clk 1:24:36]}
9. Nce2 {[%clk 1:17:37]} d3 {[%clk 1:24:33]} 10. cxd3 {[%clk 1:14:25]} Nb4
{[%clk 1:24:44]} 11. Bb1 {[%clk 0:57:56]} Be7 {[%clk 1:19:40]} 12. Nf4
{[%clk 0:48:11]} g6 {[%clk 1:19:49]} 13. d4 {[%clk 0:48:24]} cxd4
{[%clk 1:19:14]} 14. e5 {[%clk 0:31:50]} Ng4 {[%clk 1:18:07]} 15. Nxg6
{[%clk 0:21:27]} fxg6 {[%clk 1:18:26]} 16. Bxg6+ {[%clk 0:21:49]} Kd7
{[%clk 1:18:43]} 17. Qe2 {[%clk 0:21:31]} Rf8 {[%clk 1:13:58]} 18. Nxh5
{[%clk 0:17:51]} Nxf2 {[%clk 1:13:16]} 19. O-O {[%clk 0:16:50]} d3
{[%clk 1:12:37]} 20. Qe3 {[%clk 0:15:52]} Nc2 {[%clk 1:12:48]} 21. Qg3
{[%clk 0:13:01]} Bxh4 {[%clk 1:12:31]} 22. Nf6+ {[%clk 0:12:36]} Qxf6
{[%clk 1:12:23]} 0-1

[Event "2017 Australian Open Championship"]
[Site "Brisbane AUS"]
[Date "2017.01.03" ]
[Round "2.5"]
[White "Illingworth, Max"]
[Black "De Seroux, Camille"]
[Result "1-0"]
[BlackElo "2094"]
[WhiteElo "2481"]
[LiveChessVersion "1.4.8"]

1. d4 {[%clk 1:30:51]} Nf6 {[%clk 1:30:53]} 2. g3 {[%clk 1:28:30]} g6
{[%clk 1:30:53]} 3. Bg2 {[%clk 1:28:53]} d5 {[%clk 1:27:44]} 4. c4
{[%clk 1:26:20]} dxc4 {[%clk 1:20:48]} 5. Nf3 {[%clk 1:25:38]} Bg7
{[%clk 1:19:02]} 6. O-O {[%clk 1:25:38]} O-O {[%clk 1:18:45]} 7. Na3
{[%clk 1:26:02]} c6 {[%clk 1:11:12]} 8. Nxc4 {[%clk 1:25:59]} Nbd7
{[%clk 1:06:04]} 9. b3 {[%clk 1:21:37]} Nb6 {[%clk 1:02:53]} 10. Ba3
{[%clk 1:17:49]} Bf5 {[%clk 0:56:39]} 11. e3 {[%clk 1:14:22]} Re8
{[%clk 0:50:50]} 12. Rc1 {[%clk 0:59:13]} Be4 {[%clk 0:39:26]} 13. Ncd2
{[%clk 0:51:18]} Bf5 {[%clk 0:37:56]} 14. Re1 {[%clk 0:50:29]} Ne4
{[%clk 0:36:07]} 15. Nh4 {[%clk 0:45:12]} Nxd2 {[%clk 0:35:37]} 16. Nxf5
{[%clk 0:45:35]} gxf5 {[%clk 0:35:13]} 17. Qxd2 {[%clk 0:46:00]} e6
{[%clk 0:30:14]} 18. h3 {[%clk 0:43:00]} Qg5 {[%clk 0:28:09]} 19. Qe2
{[%clk 0:37:34]} Rad8 {[%clk 0:25:32]} 20. Bc5 {[%clk 0:36:38]} Bf8
{[%clk 0:17:49]} 21. b4 {[%clk 0:36:32]} Nd5 {[%clk 0:15:04]} 22. b5
{[%clk 0:33:34]} cxb5 {[%clk 0:12:28]} 23. Qxb5 {[%clk 0:32:24]} b6
{[%clk 0:10:47]} 24. Bxf8 {[%clk 0:32:23]} Rxf8 {[%clk 0:11:04]} 25. Rc6
{[%clk 0:30:26]} h5 {[%clk 0:07:40]} 26. h4 {[%clk 0:29:19]} Qe7 {[%clk 0:06:13]}
27. Rec1 {[%clk 0:27:02]} Rd7 {[%clk 0:05:51]} 28. Bxd5 {[%clk 0:19:15]} Rxd5
{[%clk 0:06:14]} 29. Qe2 {[%clk 0:19:38]} f4 {[%clk 0:03:28]} 30. Rc7
{[%clk 0:19:42]} Qa3 {[%clk 0:01:17]} 31. gxf4 {[%clk 0:17:45]} Rfd8
{[%clk 0:01:22]} 32. Kh2 {[%clk 0:17:42]} Qa5 {[%clk 0:00:41]} 33. Rg1+
{[%clk 0:15:39]} Kf8 {[%clk 0:00:57]} 34. Rg5 {[%clk 0:14:28]} b5
{[%clk 0:00:44]} 35. Rb7 {[%clk 0:13:20]} Qa6 {[%clk 0:00:36]} 36. Rxb5
{[%clk 0:12:30]} Rxb5 {[%clk 0:00:34]} 37. Rxb5 {[%clk 0:12:30]} Ke7
{[%clk 0:00:41]} 38. Qxh5 {[%clk 0:10:27]} Qxa2 {[%clk 0:00:50]} 39. Rb7+
{[%clk 0:10:34]} Rd7 {[%clk 0:00:55]} 40. Qg5+ {[%clk 0:39:57]} 1-0

[Event "2017 Australian Open Championship"]
[Site "Brisbane AUS"]
[Date "2017.01.03" ]
[Round "2.6"]
[White "Kethro, Michael"]
[Black "Kuybokarov, Temur"]
[Result "0-1"]
[BlackElo "2480"]
[WhiteElo "2091"]
[LiveChessVersion "1.4.8"]

1. d4 {[%clk 1:30:57]} d5 {[%clk 1:30:51]} 2. c4 {[%clk 1:31:13]} c6
{[%clk 1:31:09]} 3. Nf3 {[%clk 1:31:23]} Nf6 {[%clk 1:31:27]} 4. Nc3
{[%clk 1:31:39]} dxc4 {[%clk 1:31:44]} 5. a4 {[%clk 1:31:54]} e6 {[%clk 1:31:35]}
6. e3 {[%clk 1:31:37]} c5 {[%clk 1:31:39]} 7. Bxc4 {[%clk 1:31:25]} Nc6
{[%clk 1:31:54]} 8. O-O {[%clk 1:30:26]} cxd4 {[%clk 1:32:08]} 9. exd4
{[%clk 1:29:39]} Be7 {[%clk 1:32:25]} 10. Qe2 {[%clk 1:28:29]} O-O
{[%clk 1:32:31]} 11. Rd1 {[%clk 1:28:32]} Nb4 {[%clk 1:32:33]} 12. Ne5
{[%clk 1:25:41]} b6 {[%clk 1:31:12]} 13. Qf3 {[%clk 1:18:33]} Rb8
{[%clk 1:30:58]} 14. Qg3 {[%clk 1:07:31]} Bb7 {[%clk 1:25:25]} 15. Bb3
{[%clk 0:58:18]} Rc8 {[%clk 1:19:12]} 16. a5 {[%clk 0:47:13]} Nbd5
{[%clk 1:06:59]} 17. Nb5 {[%clk 0:34:19]} a6 {[%clk 0:55:05]} 18. Nc3
{[%clk 0:18:10]} Nxc3 {[%clk 0:45:20]} 19. bxc3 {[%clk 0:17:57]} Ne4
{[%clk 0:45:20]} 20. Qg4 {[%clk 0:16:35]} Rxc3 {[%clk 0:37:18]} 21. Bxe6
{[%clk 0:06:38]} fxe6 {[%clk 0:25:50]} 22. Qxe6+ {[%clk 0:06:58]} Kh8
{[%clk 0:26:16]} 23. Nf7+ {[%clk 0:04:23]} Rxf7 {[%clk 0:26:34]} 24. Qxf7
{[%clk 0:04:38]} Bd5 {[%clk 0:21:21]} 25. Qf5 {[%clk 0:03:58]} Rc6
{[%clk 0:19:36]} 26. Be3 {[%clk 0:03:10]} Rf6 {[%clk 0:17:32]} 27. Qh3
{[%clk 0:02:29]} b5 {[%clk 0:16:35]} 28. Rdc1 {[%clk 0:02:01]} Rf8
{[%clk 0:16:00]} 29. Qh5 {[%clk 0:00:41]} b4 {[%clk 0:15:16]} 30. f3
{[%clk 0:00:48]} Nf6 {[%clk 0:13:48]} 31. Qf5 {[%clk 0:01:06]} b3
{[%clk 0:13:57]} 32. Rab1 {[%clk 0:00:59]} Ba3 {[%clk 0:13:02]} 33. Rc3
{[%clk 0:00:37]} Ne4 {[%clk 0:09:27]} 34. fxe4 {[%clk 0:00:35]} Rxf5
{[%clk 0:09:50]} 35. exf5 {[%clk 0:01:03]} h5 {[%clk 0:09:28]} 36. Bf2
{[%clk 0:00:34]} Qg5 {[%clk 0:09:27]} 37. Rg3 {[%clk 0:00:37]} Qxf5
{[%clk 0:09:51]} 38. Rf1 {[%clk 0:00:32]} b2 {[%clk 0:10:04]} 0-1

[Event "2017 Australian Open Championship"]
[Site "Brisbane AUS"]
[Date "2017.01.03" ]
[Round "2.7"]
[White "Kasparov, Sergey"]
[Black "Dowden, R. Anthony"]
[Result "1-0"]
[BlackElo "2090"]
[WhiteElo "2470"]
[LiveChessVersion "1.4.8"]

1. e4 {[%clk 1:30:58]} e6 {[%clk 1:30:58]} 2. d4 {[%clk 1:31:20]} d5
{[%clk 1:28:09]} 3. Nd2 {[%clk 1:31:15]} Nf6 {[%clk 1:28:19]} 4. e5
{[%clk 1:31:36]} Nfd7 {[%clk 1:28:43]} 5. Bd3 {[%clk 1:31:58]} c5
{[%clk 1:29:04]} 6. c3 {[%clk 1:32:25]} Nc6 {[%clk 1:29:23]} 7. Ne2
{[%clk 1:32:47]} cxd4 {[%clk 1:29:33]} 8. cxd4 {[%clk 1:32:45]} f6
{[%clk 1:29:55]} 9. exf6 {[%clk 1:33:09]} Nxf6 {[%clk 1:30:20]} 10. Nf3
{[%clk 1:33:25]} Bd6 {[%clk 1:29:48]} 11. O-O {[%clk 1:33:17]} O-O
{[%clk 1:30:12]} 12. Bf4 {[%clk 1:33:36]} Nh5 {[%clk 1:27:37]} 13. Bxd6
{[%clk 1:33:07]} Qxd6 {[%clk 1:27:49]} 14. Qd2 {[%clk 1:30:43]} a6
{[%clk 1:25:30]} 15. Qe3 {[%clk 1:29:54]} Bd7 {[%clk 1:14:44]} 16. Rfe1
{[%clk 1:21:09]} Nf4 {[%clk 0:58:42]} 17. Nxf4 {[%clk 1:16:00]} Qxf4
{[%clk 0:56:45]} 18. Rad1 {[%clk 1:15:03]} Rae8 {[%clk 0:51:52]} 19. Bb1
{[%clk 1:09:19]} Re7 {[%clk 0:40:20]} 20. Ne5 {[%clk 1:07:03]} Qxe3
{[%clk 0:37:34]} 21. Rxe3 {[%clk 1:06:44]} Nxe5 {[%clk 0:37:48]} 22. Rxe5
{[%clk 1:06:57]} Ref7 {[%clk 0:36:50]} 23. f3 {[%clk 1:06:29]} Rc8
{[%clk 0:35:00]} 24. Kf2 {[%clk 1:03:12]} a5 {[%clk 0:25:07]} 25. h4
{[%clk 0:59:58]} Rff8 {[%clk 0:21:47]} 26. g3 {[%clk 0:56:59]} Rc7
{[%clk 0:21:50]} 27. Bd3 {[%clk 0:55:03]} b5 {[%clk 0:17:07]} 28. Ree1
{[%clk 0:49:46]} Rfc8 {[%clk 0:15:48]} 29. a3 {[%clk 0:46:04]} b4
{[%clk 0:15:15]} 30. axb4 {[%clk 0:45:40]} axb4 {[%clk 0:15:40]} 31. Ra1
{[%clk 0:45:50]} h6 {[%clk 0:15:31]} 32. Ra6 {[%clk 0:43:42]} Rc6
{[%clk 0:15:38]} 33. Rxc6 {[%clk 0:43:19]} Rxc6 {[%clk 0:15:59]} 34. Ra1
{[%clk 0:43:34]} Rc7 {[%clk 0:14:42]} 35. Ra8+ {[%clk 0:42:51]} Kf7
{[%clk 0:10:20]} 36. Rb8 {[%clk 0:42:33]} Ba4 {[%clk 0:10:42]} 37. Rxb4
{[%clk 0:42:14]} Bc2 {[%clk 0:10:55]} 38. Ba6 {[%clk 0:41:13]} Kf6
{[%clk 0:09:40]} 39. Rb7 {[%clk 0:40:29]} Rc6 {[%clk 0:09:05]} 40. Bb5
{[%clk 1:10:41]} Rc8 {[%clk 0:35:55]} 41. Ke3 {[%clk 1:09:30]} g5
{[%clk 0:32:35]} 42. h5 g4 {[%clk 0:25:17]} 43. Bd7 {[%clk 0:58:54]} Rg8
{[%clk 0:23:55]} 44. f4 {[%clk 0:58:48]} Ra8 {[%clk 0:24:05]} 45. Bc6
{[%clk 0:57:38]} Ba4 {[%clk 0:22:18]} 46. Rf7+ {[%clk 0:52:44]} Kxf7
{[%clk 0:22:38]} 47. Bxa8 {[%clk 0:53:10]} Kf6 {[%clk 0:19:09]} 48. Bb7
{[%clk 0:53:14]} Be8 {[%clk 0:16:34]} 49. Ba6 {[%clk 0:53:28]} Ke7
{[%clk 0:11:31]} 50. Be2 {[%clk 0:53:10]} Bxh5 {[%clk 0:11:38]} 51. Kd2
{[%clk 0:53:24]} Kd6 {[%clk 0:11:09]} 52. Kc3 {[%clk 0:53:35]} Kc6
{[%clk 0:11:00]} 53. Kb4 {[%clk 0:53:40]} Kb6 {[%clk 0:11:25]} 54. Bd1
{[%clk 0:53:57]} Bf7 {[%clk 0:10:58]} 55. Bxg4 {[%clk 0:54:17]} h5
{[%clk 0:11:12]} 56. Bh3 {[%clk 0:54:01]} Bg8 {[%clk 0:11:34]} 57. f5
{[%clk 0:53:26]} exf5 {[%clk 0:11:53]} 58. Bxf5 {[%clk 0:53:54]} Bf7
{[%clk 0:11:58]} 59. b3 {[%clk 0:54:02]} Be8 {[%clk 0:06:27]} 60. Be6
{[%clk 0:51:59]} 1-0

[Event "2017 Australian Open Championship"]
[Site "Brisbane AUS"]
[Date "2017.01.03" ]
[Round "2.8"]
[White "Truscott, Anthony J."]
[Black "Izzat, Kanan"]
[Result "0-1"]
[BlackElo "2454"]
[WhiteElo "2084"]
[LiveChessVersion "1.4.8"]

1. d4 {[%clk 1:30:51]} f5 {[%clk 1:30:49]} 2. c4 {[%clk 1:30:21]} Nf6
{[%clk 1:31:00]} 3. Nc3 {[%clk 1:30:13]} e6 {[%clk 1:31:06]} 4. g3
{[%clk 1:30:31]} d5 {[%clk 1:31:01]} 5. Bg2 {[%clk 1:28:43]} c6 {[%clk 1:30:53]}
6. Nh3 {[%clk 1:26:07]} Bd6 {[%clk 1:18:10]} 7. O-O {[%clk 1:23:35]} O-O
{[%clk 1:18:34]} 8. Bg5 {[%clk 1:14:09]} Nbd7 {[%clk 1:05:00]} 9. Qc2
{[%clk 1:08:46]} Qe8 {[%clk 1:02:51]} 10. Bf4 {[%clk 0:58:22]} Bxf4
{[%clk 1:02:03]} 11. gxf4 {[%clk 0:52:17]} Nh5 {[%clk 0:52:26]} 12. Kh1
{[%clk 0:44:54]} Rf6 {[%clk 0:39:25]} 13. e3 {[%clk 0:40:15]} Nf8
{[%clk 0:36:30]} 14. Qe2 {[%clk 0:34:28]} Rh6 {[%clk 0:36:10]} 15. Ng5
{[%clk 0:32:26]} Ng6 {[%clk 0:32:36]} 16. Nf3 {[%clk 0:28:51]} Qe7
{[%clk 0:28:52]} 17. Rg1 {[%clk 0:27:18]} Bd7 {[%clk 0:25:05]} 18. Rae1
{[%clk 0:25:50]} Be8 {[%clk 0:23:58]} 19. Qf1 {[%clk 0:24:05]} Nf6
{[%clk 0:18:46]} 20. Bh3 {[%clk 0:15:56]} dxc4 {[%clk 0:18:08]} 21. Rg3
{[%clk 0:14:21]} b5 {[%clk 0:16:56]} 22. Ng5 {[%clk 0:09:41]} Rd8
{[%clk 0:11:16]} 23. Ne2 {[%clk 0:04:27]} Nh4 {[%clk 0:09:56]} 24. f3
{[%clk 0:01:56]} Rg6 {[%clk 0:03:57]} 25. e4 {[%clk 0:01:39]} Nh5
{[%clk 0:01:06]} 26. Rg1 {[%clk 0:01:48]} h6 {[%clk 0:01:32]} 27. Nxe6
{[%clk 0:01:28]} Rxg1+ {[%clk 0:00:45]} 28. Nxg1 {[%clk 0:01:45]} Qxe6
{[%clk 0:01:10]} 29. Qf2 {[%clk 0:01:55]} Qf6 {[%clk 0:00:52]} 30. e5
{[%clk 0:01:12]} Qe7 {[%clk 0:01:17]} 31. Ne2 {[%clk 0:01:30]} c5
{[%clk 0:00:45]} 32. Rg1 {[%clk 0:01:43]} Bc6 {[%clk 0:00:28]} 33. Bg2
{[%clk 0:01:47]} Nxg2 {[%clk 0:01:12]} 34. Rxg2 {[%clk 0:02:01]} cxd4
{[%clk 0:01:28]} 35. Nxd4 {[%clk 0:01:52]} Qc5 0-1

[Event "2017 Australian Open Championship"]
[Site "Brisbane AUS"]
[Date "2017.01.03" ]
[Round "2.9"]
[White "Proper, Edward"]
[Black "Mallari, Donato"]
[Result "0-1"]
[WhiteElo "2411"]
[BlackElo "2036"]
[PlyCount "122"]

1. c4 Nf6 2. Nc3 e5 3. g3 Bb4 4. Bg2 Nc6 5. Nf3 O-O 6. O-O e4 7. Ne1 Re8 8. Nc2
Bxc3 9. dxc3 h6 10. Ne3 d6 11. f3 exf3 12. exf3 Ne5 13. Qc2 Be6 14. b3 Qc8 15.
Rd1 a5 16. a4 Rb8 17. Ra2 Ng6 18. Qf2 Nf8 19. Re2 N8d7 20. Nc2 Nc5 21. Nd4 Nfd7
22. Ba3 Qd8 23. Re3 Qf6 24. Qe2 Rec8 25. f4 Bf5 26. Bf3 Bh3 27. Re1 Rd8 28. Qd1
Nb6 29. Qe2 Nbd7 30. Bh1 g6 31. Bg2 Bxg2 32. Kxg2 c6 33. Qc2 Ra8 34. Nf3 b6 35.
R3e2 Nf8 36. Bc1 Nfe6 37. Be3 d5 38. cxd5 cxd5 39. Nd4 Ng7 40. Bg1 Rac8 41. Nf3
Nf5 42. Ne5 h5 43. Rd1 h4 44. Bd4 Nxd4 45. Rxd4 Ne6 46. Rd3 d4 47. Qb2 h3+ 48.
Kxh3 Qf5+ 49. Kg2 f6 50. Rf3 dxc3 51. Rxc3 fxe5 52. Rxe5 Qg4 53. Rf3 Rd3 54.
Rf1 Nd4 55. Rfe1 Qf3+ 56. Kh3 Rcc3 57. Rc1 Nf5 58. Qe2 Qxe2 59. Rxe2 Rxb3 60.
Kg4 Kg7 61. Kg5 Rxg3+ 0-1

[Event "2017 Australian Open Championship"]
[Site "Brisbane AUS"]
[Date "2017.01.03" ]
[Round "2.10"]
[White "Maguire, Tom"]
[Black "Ikeda, Junta"]
[Result "0-1"]
[WhiteElo "2040"]
[BlackElo "2388"]
[PlyCount "130"]

1. d4 Nf6 2. c4 b6 3. Nc3 Bb7 4. Nf3 e6 5. g3 Bb4 6. Bg2 O-O 7. O-O d6 8. Qc2
Nbd7 9. a3 Bxc3 10. Qxc3 Qe7 11. b4 c5 12. dxc5 bxc5 13. Bb2 Rfc8 14. b5 d5 15.
cxd5 exd5 16. e3 Qf8 17. Ne5 Nb6 18. a4 a5 19. bxa6 Bxa6 20. Rfd1 Rab8 21. a5
d4 22. exd4 Nbd5 23. Qd2 c4 24. Bxd5 Nxd5 25. Nd7 Qe8 26. Nxb8 Rxb8 27. Bc3 Rb3
28. Rac1 h5 29. h4 g6 30. Re1 Qd7 31. Re5 Bb7 32. a6 Bxa6 33. Kh2 Bb7 34. f3
Kh7 35. Re2 Qf5 36. Re8 Nf6 37. Re3 Bxf3 38. Rf1 Ng4+ 39. Kg1 Nxe3 40. Qxe3 Rb1
41. Be1 Qe6 42. Qxe6 fxe6 43. Bc3 Bd1 44. d5 exd5 45. Bd4 Rc1 46. Bb2 Rc2 47.
Bf6 Bg4 48. Ra1 Kg8 49. Ra7 Kf8 50. Rc7 Rd2 51. Kf1 Rd3 52. Be5 Rf3+ 53. Kg2
Re3 54. Bf6 Rd3 55. Be5 Be6 56. Bd6+ Kg8 57. Re7 Bf5 58. Be5 c3 59. Rc7 d4 60.
Rc4 Rd2+ 61. Kf3 c2 62. Bf4 Rd1 63. Bh6 d3 64. Rc7 d2 65. Rg7+ Kh8 0-1

[Event "2017 Australian Open Championship"]
[Site "Brisbane AUS"]
[Date "2017.01.03" ]
[Round "2.11"]
[White "Solomon, Stephen"]
[Black "Cashman, Michael"]
[Result "1-0"]
[WhiteElo "2380"]
[BlackElo "2027"]
[PlyCount "93"]

1. e4 c5 2. Nf3 e6 3. d4 cxd4 4. Nxd4 a6 5. Nc3 Nc6 6. Be2 Qc7 7. O-O Nf6 8.
Be3 d6 9. f4 Bd7 10. Qe1 Nxd4 11. Bxd4 Bc6 12. e5 Ne4 13. Bf3 Nxc3 14. Qxc3 Rc8
15. exd6 Bxd6 16. Bxg7 Rg8 17. Bxc6+ Qxc6 18. Qxc6+ Rxc6 19. Bc3 Rc4 20. f5 Re4
21. Rae1 exf5 22. Rxf5 Rxe1+ 23. Bxe1 Rg6 24. h3 Re6 25. Kf1 Be5 26. b3 f6 27.
g4 Kd7 28. Bb4 Rc6 29. Rf2 Ke6 30. c4 b5 31. Rc2 bxc4 32. Rxc4 Rxc4 33. bxc4
Bd4 34. Ke2 Ke5 35. Kd3 Bf2 36. Bc3+ Ke6 37. Ke4 Bb6 38. Bd4 Bc7 39. Be3 Ba5
40. c5 Bb4 41. Kd4 Ba3 42. Bf4 Bb2+ 43. Kc4 f5 44. g5 Be5 45. Bxe5 Kxe5 46. h4
f4 47. Kd3 1-0

[Event "2017 Australian Open Championship"]
[Site "Brisbane AUS"]
[Date "2017.01.03" ]
[Round "2.12"]
[White "Myers, John"]
[Black "McClymont, Brodie"]
[Result "0-1"]
[WhiteElo "2039"]
[BlackElo "2348"]
[PlyCount "65"]

1. e4 c5 2. c3 Nf6 3. e5 Nd5 4. d4 cxd4 5. cxd4 d6 6. Nf3 Nc6 7. exd6 Qxd6 8.
Nc3 g6 9. Bc4 Nb6 10. Bb3 Bg7 11. Be3 O-O 12. O-O Bg4 13. Ne4 Qd8 14. Neg5 h6
15. h3 Bf5 16. g4 Bc8 17. Ne4 Na5 18. Bc2 Nac4 19. Ng3 Nxe3 20. fxe3 Qc7 21.
Kg2 Nc4 22. Qc1 Nxe3+ 23. Qxe3 Qxc2+ 24. Rf2 Qc7 25. d5 b6 26. Re1 Bb7 27. Qxe7
Qxe7 28. Rxe7 Bxd5 29. b3 Bf6 30. Rd7 Rfd8 31. Rxd8+ Rxd8 32. Rc2 b5 33. Kf2 {
Text after move illegible} 0-1